LEADER 00981nam a2200241 i 4500 001 991003426359707536 005 20020503191951.0 008 000704s1929 it ||| | ita 035 $ab10503304-39ule_inst 035 $aEXGIL120561$9ExL 040 $aBiblioteca Interfacoltà$bita 082 0 $a599 100 1 $aFalci, Raimondo$0469302 245 12$aI mammiferi e l'uomo, nell'ipotesi dell'evoluzione :$bdalle ricerche scientifiche alle speculazioni filosofiche :$bcomplemento allo studio della biologia e della geologia /$cRaimondo Falci 260 $aRoma :$bSignorelli,$c1929 300 $a108 p. ;$c22 cm. 650 4$aMammiferi 907 $a.b10503304$b02-04-14$c27-06-02 912 $a991003426359707536 945 $aLE002 Scien. I F 24$g1$i2002000491985$lle002$o-$pE0.00$q-$rn$so $t0$u0$v0$w0$x0$y.i10580293$z27-06-02 996 $aMammiferi e l'uomo, nell'ipotesi dell'evoluzione$9212133 997 $aUNISALENTO 998 $ale002$b01-01-00$cm$da $e-$fita$git $h2$i1